| 000 | 01408nam a2200325 i 4500 | ||
|---|---|---|---|
| 003 | EG-GICUC | ||
| 005 | 20260216093409.0 | ||
| 008 | 260216s1975 ua ||||f m||| 00| 0 ara d | ||
| 040 |
_aEG-GICUC _cEG-GICUC _dEG-GICUC _erda _bara |
||
| 041 | 0 | _aara | |
| 082 | 0 | 4 |
_a341.026 _221 _bم ح . م |
| 092 | 0 | 4 | _221 |
| 099 | _aLaw 11 341.026 م ح . م 1974 | ||
| 100 | 0 |
_aمحمد اسماعيل علي السيد _eمؤلف. |
|
| 245 | 1 | 0 |
_aمدي مشروعية اسانيد السيادة الاسرائيلية في فلسطين : _bدراسة في اطار القانون الدولي العام / _cمحمد اسماعيل علي السيد. |
| 264 | 0 |
_aالقاهرة: _bعالم الكتب، _c1975. |
|
| 300 |
_a429 صفحة ؛ _c25 سم _bإيضاحيات، صور، مثيليات ؛ |
||
| 336 |
_atext _2rda content |
||
| 337 |
_aComputer _2rda media |
||
| 338 |
_aOnline Resource _2rda carrier |
||
| 504 | _a. 240-220 ببليوجرافيا: صفحات. | ||
| 546 | _aالنص أغلبه باللغة العربية مع بعض النصوص الإنجليزية | ||
| 650 | 0 | 4 |
_aالصراع العربي الاسرائيلي _2qrmak |
| 651 | 1 | _2qrmak | |
| 700 | 0 |
_aعبدالعزيز محمد سرحان _eمشرف. |
|
| 710 | 2 |
_aجامعة عين شمس _bكلية الحقوق |
|
| 856 | _uhttps://fll.law.cu.edu.eg/fulltext/th/B11-03909.pdf | ||
| 905 | _a30 | ||
| 942 |
_2ddc _cBK _e21 _n0 |
||
| 999 |
_c63184 _d63184 |
||